1968 1218 1395 1930 1511 1248 1254 1711 1021 1276 1442 1710 1220 1361 1764 1417 1232 1655 1580 1614 1623 1710 1084 1927 1068 1000 1607 1300 1479 1038 1742 1974 1090 1601 1213 1761 1077 1712 1892 1266 1842 1471 1978 1275 1433 1698 1769 1149 1299 1530 1966 1348 1761 1204 1699 1613 1738 1988 1856 1171 1576 1464 1540 1203 1364 1352 1023 1372 1760 1437 1047 1999 1134 1500 1248 1279 1540 1168 1356 1921 1105 1050 1973 1914 2000 1190 1401 1833 1174 1526 1004 1247 1548 1625 1788 1625 1818 1022 1098 BCNSPRNW ULIB Ver.6.0+V

เปลี่ยนเป็นภาษาไทย

Change to English
 แสดงรายละเอียดบรรณานุกรม
  กลับหน้าหลัก

Brief Record : Get Marc (ISO 2709) : E-mail record : QR code < ปิดหน้าต่าง
LEADER : 00000nam 2200000uu 4500
001    13399114144
003     ULIB
008    110419s||||||||th 000 0 tha d
020    9786162230769
060 04 WE725^bก673ร ล1
100 0  กิตติ จิระรัตนโพธิ์ชัย
245 00 โรคกระดูกสันหลังเสื่อม : หลักฐานเชิงประจักษ์ เล่ม 1 /^cกิตติ จิระรัตนโพธิ์ชัย
246 31 Degenerative disease of the spine : An Evidence-Based Approach Volume 1
250    พิมพ์ครั้งที่ 1
260    ขอนแก่น :^bคณะแพทยศาสตร์ มหาวิทยาลัยขอนแก่น,^c2554
300    1138 หน้า :^bภาพประกอบ
650  7 กระดูกสันหลั^xโรค
710 2  มหาวิทยาลัยขอนแก่น.^bคณะแพทยศาสตร์
945    ^p1500^l0^i031125
945    ^p1500^l0^i031684
995    ทศพร
999 ^a ใช้งานได้ทุกระบบ
รายการนี้ยังไม่มีแท็ก
คุณยังไม่ได้ล็อกอิน คุณสามารถมีกิจกรรมร่วมกับเว็บไซต์ได้ แต่ต้องล็อกอินก่อน ::
  ล็อกอิน

รายการสื่อสารสนเทศ

ลำดับที่ ประเภท เลขเรียก/บาร์โค้ด สถานที่ สถานะ
1. วิทยาศาสตร์การแพทย์ และสุขภาพ
หนังสือสำรอง
สถานะ=หนังสือสำรอง
WE725 ก673ร ล1 ฉ.1 
  Barcode: 031125
ห้องสมุดวิทยาเขตสวรรค์ประชารักษ์
►ส่วนจัดเก็บหนังสือเก่า สปร
บนชั้น
  ขอยืม
2. วิทยาศาสตร์การแพทย์ และสุขภาพ
วิทยาศาสตร์การแพทย์ และสุขภาพ
WE725 ก673ร ล1 ฉ.2 
  Barcode: 031684
ห้องสมุดวิทยาเขตสวรรค์ประชารักษ์
►ส่วนจัดเก็บหนังสือเก่า สปร
บนชั้น
  ขอยืม

รายการใกล้เคียง
    ผู้แต่ง [กิตติ จิระรัตนโพธิ์ชัย]

BibComment


ยังไม่เคยถูกคอมเมนท์

คอมเมนท์ทรัพยากรรายการนี้
  คอมเมนท์: โรคกระดูกสันหลังเ..


 Copyright 2026. Bcnsprnw @Library